000 00422nam a2200133Ia 4500
008 231129s2009||||xx |||||||||||||| ||spa||
020 _a978-84-92520-36-7
082 _a305.42 G925v
100 _aGuell Carmen.
245 0 _aEl versace de Penélope Cruz y otras anécdotas de la historia protagonizadas por mujeres
260 _c2009
264 _aBarcelona: Styria.
942 _2ddc
_cBKS
999 _c12666
_d12666